000 00955cab a2200277 4500
001 ABS57357
008 090401t1997 xxu||||| |||| 00| 0 eng d
035 _a(Sirsi) u79741
041 _aeng
100 _aRoberts, J.
245 _aRidden out of town
260 _c1997
350 _a0
490 _aEstates Gazette
_v(9728) 12 July 1997, 64-65(2)
520 _aExplains why the Merry Hill shopping complex expansion proposals were turned down so decisively, despite the developer`s contentions that it was effectively a town centre. The decision highlights the new Transport & Environment Ministry`s clear endorsement of PPG6.
650 _aMERRY HILL
650 _aNASCENT TOWN CENTRE
650 _aOUT OF TOWN DEVELOPMENT
650 _aPLANNING POLICY GUIDANCE NOTE SIX
650 _aRETAILING
650 _aSHOPPING CENTRES
650 _aTOWN CENTRES
690 _aPLANNING LAW AND PRACTICE
942 _n0
948 _c21/07/1997
999 _c50165
_d50165